00789nam a2200181 a 450000100100000000500170001000800410002702000180006804000250008610000290011124501410014026000310028130000370031259000260034995201050037595201100048099900170059000003992620201002033819.0130730s2007 mx ac 000 0 spa d a9789707709997 aDO-SdBNPbspacBNPHU1 aMacías, Adriana96613210aAbrazar el éxito :bla autobiografía de quien transformó la adversidad en un camino de superación constante /cAdriana Macías. aMéxico :bAlamah,c2007. a165 p. :bils., retrs. ;c23 cm. aInventariado, 2019/BT 001050718MOaPDbPDcHDd2013-07-30iLF1l0o p39926-10r2020-06-25w2020-06-25y1ZNo se presta 001150718MOaPDbPDcMId2018-06-12iLF1l0o p39926-20r2020-06-25te.2w2020-06-25y1ZNo se presta c39416d39416